| 000 | 00885nam a2200217 i 4500 | ||
|---|---|---|---|
| 001 | 72178 | ||
| 003 | ES-MaACL | ||
| 005 | 20251228063012.0 | ||
| 007 | t| | ||
| 008 | 040827m19581960sp a |||| | spa d | ||
| 100 | 0 |
_aGilsanz, Vicente _957013 |
|
| 245 | 1 | 0 |
_aLecciones de medicina interna / _cV. Gilsanz. |
| 250 | _a2ª ed. | ||
| 260 |
_aMadrid : _b[s.n.], _c1958-1960 ( _fOsca) |
||
| 300 |
_a4 v. ; _c25 cm. |
||
| 505 | 8 |
_aContiene: I ; _tAparatos circulatorio y respiratorio - II ; _tEnfermedades del aparato digestivo, hígado y vias biliares, pancreas y peritoneo - IV ; _tEnfermedades del riñón, sistema nervioso y del aparato locomotor - IV ; _tMetabolismo, nutrición, endocrinología, enfermedades infecciosas, hematología |
|
| 650 | 0 | 4 |
_aPatología. _915884 |
| 650 | 0 | 7 |
_aMedicina interna _2embne _914925 |
| 852 |
_aES-MaACL _jE-154-57 |
||
| 999 |
_c72178 _d72178 |
||